000
00332nam a2200133Ia 4500
008
220216s9999 xx 000 0 und d
245
0
_a
Rubber wood - fuel or furniture ?
260
_b
Rubber Developments
_c
1975
300
_a
38-41
650
_a
Furniture
650
_a
Rubber wood
650
_a
Rubber wood products
942
_c
JS
999
_c
68123
_d
68123